Google, quelle est la différence entre...? Animaux - Statistiques

Statistiques générales
  • Ce quiz a été pris 12 242 fois
  • Le résultat moyen est 18 sur 24
Statistiques - réponses
Quelle est la différence entre... % Correct
un rat et une {souris}
99%
un hibou et une {chouette}
98%
un crapaud et une {grenouille}
97%
un chameau et un {dromadaire}
96%
un lièvre et un {lapin}
96%
un crocodile et un {alligator}
92%
un pingouin et un {manchot}
92%
un porc et un {cochon}
92%
une limace et un {escargot}
89%
un alpaga et un {lama}
85%
un cochon d'inde et un {hamster}
85%
une mouette et un {goéland}
76%
un criquet et une {sauterelle}
74%
une pieuvre et un {poulpe}
74%
une langouste et un {homard}
72%
une corneille et un {corbeau}
64%
une baleine et un {cachalot}
63%
un coyote et un {loup}
61%
un cafard et une {blatte}
54%
un squale et un {requin}
54%
une autruche et un {émeu}
48%
une mygale et une {tarentule}
47%
un cerf et un {chevreuil}
43%
une mangouste et un {suricate}
23%
Aucun quiz correspondant
Distribution des résultats
% des personnes avec chaque résultat
Percentile par nombre de réponses
Votre historique - résultats
Vous n’avez pas pris ce quiz